| 000 | 00327cam a22001217a 4500 | ||
|---|---|---|---|
| 008 | 180718b1955 xxu||||| |||| 00| 0 eng d | ||
| 082 | _aQ5x73 L329 | ||
| 100 | _aLarson, Arthur | ||
| 245 |
_aKnow your social security _cby Arthur Larson |
||
| 260 |
_aNew York _bHarper _c1955 |
||
| 300 | _a220p. | ||
| 650 | _aSocial security-U.S.A. | ||
| 999 |
_c433404 _d433404 |
||